000 00524 a2200181 4500
001 133487
020 _a85-7501-237-1
040 _cLeonardo Da Vinci
041 _aPortuguês
082 _aJ B479n
_bB479n
100 _aBICHARA, Alexandra L. (Bruxa Djaá)
245 _aOs novos bruxos
260 _bDPL
_c2004
_aSão Paulo
300 _a107
362 _a20040000
697 _aLiteratura juvenil
_aLiteratura infanto-juvenil
_aBruxos
_aBruxaria
_aPoções
_aFeitiços
_aMagia
_aAlquimia
_aLenda
_aCuriosidades
942 _cBK
999 _c133487
_d133487